<?xml version="1.0" encoding="UTF-8"?>
<record
    xmlns:xsi="http://www.w3.org/2001/XMLSchema-instance"
    xsi:schemaLocation="http://www.loc.gov/MARC21/slim http://www.loc.gov/standards/marcxml/schema/MARC21slim.xsd"
    xmlns="http://www.loc.gov/MARC21/slim">

  <leader>03527nam a2200277 i 4500</leader>
  <controlfield tag="001">187303</controlfield>
  <controlfield tag="003">SpMaBN</controlfield>
  <controlfield tag="005">20250830063112.0</controlfield>
  <controlfield tag="008">170531s1932    sp           |||| | spa d</controlfield>
  <datafield tag="040" ind1=" " ind2=" ">
    <subfield code="c">SpMaBN</subfield>
  </datafield>
  <datafield tag="080" ind1=" " ind2=" ">
    <subfield code="a">821.133.1-31"19"</subfield>
  </datafield>
  <datafield tag="100" ind1="1" ind2=" ">
    <subfield code="a">Maurois, Andr&#xE9;,</subfield>
    <subfield code="d">1885-1967</subfield>
    <subfield code="e">aut</subfield>
    <subfield code="9">79267</subfield>
  </datafield>
  <datafield tag="245" ind1="1" ind2="3">
    <subfield code="a">El pesador de almas / </subfield>
    <subfield code="c">Andr&#xE9; Maurois ; traducido del franc&#xE9;s por M.A. Mu&#xF1;oz</subfield>
  </datafield>
  <datafield tag="260" ind1=" " ind2=" ">
    <subfield code="a">Madrid : </subfield>
    <subfield code="b">M. Aguilar, </subfield>
    <subfield code="c">1932</subfield>
    <subfield code="f">(Imp. de J. Pueyo)</subfield>
  </datafield>
  <datafield tag="300" ind1=" " ind2=" ">
    <subfield code="a">197 p&#xE1;ginas ; </subfield>
    <subfield code="c">19 cm</subfield>
  </datafield>
  <datafield tag="490" ind1="1" ind2=" ">
    <subfield code="a">Grandes autores (M. Aguilar)</subfield>
    <subfield code="9">242135</subfield>
  </datafield>
  <datafield tag="520" ind1=" " ind2=" ">
    <subfield code="a">"S&#xE9; que este relato causar&#xE1; sorpresa. Algunos dudar&#xE1;n de mi buena fe; otros de mi cabal juicio. Pero si los hechos que voy a describir son sorprendentes, no son imposibles de comprobar. Unos sencillos experimentos, que cualquier bi&#xF3;logo puede reproducir, demostrar&#xE1;n que las teor&#xED;as que me expuso el doctor James estaban fundadas en observaciones reales... Me mir&#xF3; largamente, como un arquitecto que calcula con la mirada la fuerza de una viga o de un muro. -Desde luego, usted me reitera su promesa de que no hablar&#xE1; a nadie de lo que aqu&#xED; ha visto. Perder&#xED;a de golpe mi puesto y los medios de continuar mis experimentos.
Le estrech&#xE9; la mano y sal&#xED;. Encontr&#xE9; dif&#xED;cilmente mi camino en medio de la niebla, y no llegu&#xE9; al hotel hasta las 3 de la ma&#xF1;ana. No pude dormir.
Llego al punto de esta historia en que las circunstancias me llevaron a desempe&#xF1;ar un papel m&#xE1;s importante y quiero confesar, sin demora, que fui culpable, pese a la promesa solemne que hice a James, de hablar a un sabio franc&#xE9;s, aunque de manera indirecta, de las investigaciones de mi amigo. Sin embargo, merezco disculpas. En primer lugar, no fue deliberadamente, sino casualidad, quien por entonces me depar&#xF3; oportunidad de conocer a Monestier. En segundo lugar, se ver&#xE1; que las preguntas que hice fueron de tal naturaleza que ni por un momento pudo sospechar que un m&#xE9;dico realizara tan extra&#xF1;as investigaciones. Y, por &#xFA;ltimo, dir&#xE9; que mi conducta, por imprudente que fuera, permiti&#xF3; a James dar un paso decisivo hacia la soluci&#xF3;n del problema. Llegu&#xE9; a Par&#xED;s un s&#xE1;bado, y la noche del mismo d&#xED;a cen&#xE9; en casa de unos amigos. En la mesa Monestier se sent&#xF3; a mi lado. Yo le admiraba desde hac&#xED;a tiempo, porque con Juan Perrin y Langevin, es no s&#xF3;lo uno de nuestros grandes f&#xED;sicos, sino tambi&#xE9;n un perfecto escritor. Qued&#xE9; encantado de este hombre. Ten&#xED;a los ojos azules y vivos de un ni&#xF1;o, cabellos blancos y voz r&#xE1;pida y joven. Recuerdo que me habl&#xF3; primero de los trabajos de Esnault-Peiterie y de la posibilidad de un viaje a la Luna"</subfield>
  </datafield>
  <datafield tag="520" ind1=" " ind2=" ">
    <subfield code="a">Historia de un m&#xE9;dico que dedica largos a&#xF1;os de su vida a intentar capturar el alma humana antes de que migre hacia la eternidad. Su idea es manipular las almas y lograr que ciertas personas se unan con otras, al menos despu&#xE9;s de muertas. Mediante un complejo mecanismo el doctor trabaja en los s&#xF3;tanos de un hospital con los cuerpos de personas recientemente fallecidas. Mediante numerosos experimentos descubre que el alma es una especie de fluido org&#xE1;nico vital que se puede capturar s&#xF3;lo si se hace inmediatamente despu&#xE9;s de la muerte</subfield>
  </datafield>
  <datafield tag="655" ind1=" " ind2="4">
    <subfield code="a">Novelas de ciencia ficci&#xF3;n</subfield>
    <subfield code="9">237727</subfield>
  </datafield>
  <datafield tag="700" ind1="1" ind2=" ">
    <subfield code="9">84328</subfield>
    <subfield code="a">Mu&#xF1;oz, M. A.</subfield>
    <subfield code="e">trl</subfield>
  </datafield>
  <datafield tag="830" ind1=" " ind2="0">
    <subfield code="a">Grandes autores (M. Aguilar)</subfield>
    <subfield code="9">242135</subfield>
  </datafield>
  <datafield tag="852" ind1="4" ind2=" ">
    <subfield code="a">ES-MaACL</subfield>
    <subfield code="c">DEPO2</subfield>
    <subfield code="h">Donat. herederos de la bibl. de M&#xAA; del Pilar Costa Palac&#xED;n</subfield>
    <subfield code="j">L-31652 </subfield>
  </datafield>
  <datafield tag="942" ind1=" " ind2=" ">
    <subfield code="2">udc</subfield>
    <subfield code="c">MONOGRAFIA</subfield>
    <subfield code="n">0</subfield>
  </datafield>
  <datafield tag="999" ind1=" " ind2=" ">
    <subfield code="c">187303</subfield>
    <subfield code="d">187303</subfield>
  </datafield>
  <datafield tag="952" ind1=" " ind2=" ">
    <subfield code="0">0</subfield>
    <subfield code="1">0</subfield>
    <subfield code="2">udc</subfield>
    <subfield code="4">0</subfield>
    <subfield code="7">0</subfield>
    <subfield code="a">ATENEOM</subfield>
    <subfield code="b">ATENEOM</subfield>
    <subfield code="c">DEPO2</subfield>
    <subfield code="d">2017-05-31</subfield>
    <subfield code="e">DONACION</subfield>
    <subfield code="l">0</subfield>
    <subfield code="o">L-31652</subfield>
    <subfield code="p">1197664</subfield>
    <subfield code="r">2023-02-23 00:00:00</subfield>
    <subfield code="y">MONOGRAFIA</subfield>
  </datafield>
</record>
